000 00765nmm a2200217 a 4500
003 AR-BaBNM
005 20251128204018.0
008 266019s1984 ||||||||||||||000 | spa||
040 _cAR-BaBNM
110 1 _aArgentina
_bMinisterio de Educación y Justicia
245 1 0 _aCentenario de la Ley 1420
_bacto académico en el Teatro Nacional Cervantes
260 _aBuenos Aires
_bMinisterio de Educación y Justicia
_c1984
300 0 _a15 p.
500 0 _aContiene el discurso pronunciado por el Ministro Carlos R.S. Alconada Aramburú con motivo de conmemorarse el centenario de la Ley 1420: Ley de Educación Común
650 4 _aLEGISLACION
651 4 _aArgentina
653 0 _aLEY 1420
653 0 _aLEGISLACION EDUCATIVA
942 _cBK
998 _cSILVI
999 _c5807
_d5807